00965 2200325 4500001002100000005001700021008004100038020002200079035002400101040001200125041000800137082001600145084001600161090002000177100001800197245013000215250001800345260003900363300003100402440002400433500001100457504002900468651002300497700001800520700002900538700002200567700001600589850001200605990002200617INLIS00000000003313720180215135305.0  a978-602-8799-14-0 0010-011800000000282 aYOPDYOG0 aind042[23]a959.8 a959.8 Ari N aDEP 959.8 Ari N0 aARIF ZULKIFLI1 aNegeri yang jayac/ Arif Zulkifli, Ubed Abdillah Syarif, Hayyuningtyas Mulyandari; penyunting, Andika Ken Soraya, Ibnu Burdah aCet. Th. 2012 aYogyakartabCitra Aji Paramac2012 a80 hlm.b: ilus.c; 30 cm. aZamrud Khatulistiwa aIndeks aBibliografi : hlm. 76-77 4aIndonesiaxSejarah0 aUBED ABDILLAH0 aHAYYUNINGTYAS MULYANDARI0 aANDINA KEN SORAYA0 aIBNU BURDAH aYOPDYOG aCB-D.11/2012-2810